=LDR 00000nam 2200000 4500 =001 INLIS000000000021878 =005 20200527091803 =035 ##$$a 0010-061300000021878 =008 200527################g##########0#ind## =041 ##$$a Ind =082 ##$$a 2x4.121 3 =090 ##$$a 2x4.121 3, Zai r =100 #$$a Zainuddin, MZ =245 1#$$a Risalah shalat jenazah /$c Zainuddin MZ =260 ##$$a Jakarta :$b Pustaka Progressif,$c 1996 =300 ##$$a 90 hlm. ; $c 12x18 cm. =650 #4$$a Shalat Jenazah =850 ##$$a NBPNMAT =084 ##$$a 2x4.121 3 ZAI r =250 ##$$a cet.2 =990 ##$$a 122.173/Pro.97